| 000 | 01070cam a2200301 4500 | ||
|---|---|---|---|
| 999 |
_c129831 _d129831 |
||
| 001 | 1715629 | ||
| 003 | ARRUPE | ||
| 005 | 20190912115728.0 | ||
| 008 | 740517s1974 cau bs 000 0 eng | ||
| 010 | _a 72075809 | ||
| 020 |
_a0878670262 _a0878670270 (pbk.) |
||
| 040 |
_aDLC _cDLC _dDLC |
||
| 043 | _an-us--- | ||
| 050 | 0 | 0 |
_aHC60 _b.W374 |
| 082 | 0 | 0 | _a338.91/172/4073 |
| 100 | 1 |
_aWeissman, Steve. _948126 |
|
| 245 | 1 | 4 |
_aThe Trojan horse; _ba radical look at foreign aid, _cby Steve Weissman and members of Pacific Studies Center and the North American Congress on Latin America. |
| 260 |
_aSan Francisco, _bRamparts Press _c[1974] |
||
| 300 |
_a249 p. _c21 cm. |
||
| 350 | _a$7.95 | ||
| 504 | _aIncludes bibliographical references. | ||
| 650 | 0 |
_aEconomic assistance, American. _948127 |
|
| 650 | 0 |
_aMilitary assistance, American. _948128 |
|
| 650 | 0 |
_aEconomic assistance. _926657 |
|
| 710 | 2 |
_aPacific Studies Center. _948129 |
|
| 710 | 2 |
_aNorth American Congress on Latin America. _948130 |
|
| 906 |
_a7 _bcbu _corignew _d2 _eopcn _f19 _gy-gencatlg |
||
| 942 |
_2lcc _cMONOGRAPH |
||